000 00651nam a2200169Ia 4500
003 LDD
008 190117s9999 xx 000 0 und d
020 _a8170551196
_c₹35
040 _cLDD
041 _ahi
082 _a8H3.7 या 4668 चौ
100 _aयादव, राजेन्द्र
245 0 _aचौखटे तोड़ते त्रिकोण
_cराजेन्द्र यादव
260 _aई दिल्ली |
_bाणी 1
_c1987
300 _a158प्र.
942 _2ddc
_cH
999 _c167716
_d167716